Additive decomposability of functions over abelian groups

Elmentve itt :
Bibliográfiai részletek
Szerzők: Couceiro Miguel
Lehtonen Erkko
Waldhauser Tamás
Dokumentumtípus: Cikk
Megjelent: 2013
Sorozat:INTERNATIONAL JOURNAL OF ALGEBRA AND COMPUTATION 23
doi:10.1142/S0218196713500136

mtmt:2270127
Online Access:http://publicatio.bibl.u-szeged.hu/17328
LEADER 00738nab a2200217 i 4500
001 publ17328
005 20191108092541.0
008 191108s2013 hu o 0|| zxx d
022 |a 0218-1967 
024 7 |a 10.1142/S0218196713500136  |2 doi 
024 7 |a 2270127  |2 mtmt 
040 |a SZTE Publicatio Repozitórium  |b hun 
041 |a zxx 
100 1 |a Couceiro Miguel 
245 1 0 |a Additive decomposability of functions over abelian groups  |h [elektronikus dokumentum] /  |c  Couceiro Miguel 
260 |c 2013 
300 |a 643-662 
490 0 |a INTERNATIONAL JOURNAL OF ALGEBRA AND COMPUTATION  |v 23 
700 0 1 |a Lehtonen Erkko  |e aut 
700 0 1 |a Waldhauser Tamás  |e aut 
856 4 0 |u http://publicatio.bibl.u-szeged.hu/17328/1/2013_1.pdf  |z Dokumentum-elérés